Comovements in National Stock Market Returns Evidence of Predictability but not Cointegration

Salvato in:
Dettagli Bibliografici
Autore principale: Richards, Anthony J.
Natura: Libro
Lingua:inglese
Pubblicazione: Washington International Monetary Fund 1996
Edizione:1. ed.
Serie:IMF Working Paper 28
Soggetti:
Tags: Aggiungi Tag
Nessun Tag, puoi essere il primo ad aggiungerne!!

MARC

LEADER 00000nam a2200000 4500
001 c017404
005 20221205125037.3
041 0 |a eng 
044 |a US 
245 1 0 |a Comovements in National Stock Market Returns  |b Evidence of Predictability but not Cointegration  |c Anthony J. Richards 
250 |a 1. ed. 
264 1 |a Washington  |b International Monetary Fund  |c 1996 
300 |a 25 s. 
490 1 |a IMF Working Paper  |v 28 
830 0 |a IMF Working Paper  |v 28 
610 2 0 |a burzy 
610 2 0 |a papiere cenné 
610 2 0 |a návratnosť investícií 
610 2 0 |a návratnosť úveru 
610 2 0 |a trh vnútorný 
610 2 0 |a obchody burzové 
610 2 0 |a výnosy z činnosti obchodnej 
610 2 0 |a testy 
100 1 |a Richards, Anthony J.